000 00495cam a22001812 4500
001 0000008362
005 20151217160116.0
008 080315s xx 000 0 eng d
020 _a0673628817 :
_cKES
040 _aKABU
_cKABU
100 1 _aCary, Alice.
_@0000023507
245 1 0 _aTennis shoes on the trail /
_cAlice Cary.
260 _aNew York :
_bScott Foresman,
_cn.d.
300 _a16 p.
908 _a080315
950 _@1
999 _c14386
_d14386